<?xml version="1.0" encoding="UTF-8"?><?xml-stylesheet type="text/xsl" href="static/style.xsl"?><OAI-PMH xmlns="http://www.openarchives.org/OAI/2.0/" xmlns:xsi="http://www.w3.org/2001/XMLSchema-instance" xsi:schemaLocation="http://www.openarchives.org/OAI/2.0/ http://www.openarchives.org/OAI/2.0/OAI-PMH.xsd"><responseDate>2026-04-13T04:11:16Z</responseDate><request verb="GetRecord" identifier="oai:www.recercat.cat:2072/356281" metadataPrefix="marc">https://recercat.cat/oai/request</request><GetRecord><record><header><identifier>oai:recercat.cat:2072/356281</identifier><datestamp>2024-12-23T16:56:10Z</datestamp><setSpec>com_2072_353044</setSpec><setSpec>com_2072_351515</setSpec><setSpec>com_2072_1741</setSpec><setSpec>col_2072_353045</setSpec></header><metadata><record xmlns="http://www.loc.gov/MARC21/slim" xmlns:dcterms="http://purl.org/dc/terms/" xmlns:xsi="http://www.w3.org/2001/XMLSchema-instance" xmlns:doc="http://www.lyncode.com/xoai" xsi:schemaLocation="http://www.loc.gov/MARC21/slim http://www.loc.gov/standards/marcxml/schema/MARC21slim.xsd">
   <leader>00925njm 22002777a 4500</leader>
   <datafield ind2=" " ind1=" " tag="042">
      <subfield code="a">dc</subfield>
   </datafield>
   <datafield ind2=" " ind1=" " tag="720">
      <subfield code="a">Curto, Carles</subfield>
      <subfield code="e">author</subfield>
   </datafield>
   <datafield ind2=" " ind1=" " tag="260">
      <subfield code="c">1996-12-10</subfield>
   </datafield>
   <datafield ind2=" " ind1=" " tag="520">
      <subfield code="a">El presente trabajo refiere la evolución cronológica de la colección de meteoritos del Museo de Geología de Barcelona (MGB), y cataloga los ejemplares de dicha colección, distribuyéndolos en cuatro apartados: Meteoritos españoles, meteoritos de otras localidades, tectitas y pseudometeoritos y material relacionado cono los meteoritos.</subfield>
   </datafield>
   <datafield ind2=" " ind1=" " tag="520">
      <subfield code="a">The first part of this work is about the chronological evolution of the collection of meteorites from the Museu de Geologia de Barcelona (MGB), and the second part is a catallogue of the collection, distribuying the samples in four sections:
Spanish meteorites, meteorites from other localities, tektites and pseudometeorites
and material related to the meteorites.</subfield>
   </datafield>
   <datafield ind1="8" ind2=" " tag="024">
      <subfield code="a">http://hdl.handle.net/2072/356281</subfield>
   </datafield>
   <datafield ind2="0" ind1="0" tag="245">
      <subfield code="a">Catálogo de meteoritos y tectitas de la colección del Museo de Geología de Barcelona</subfield>
   </datafield>
</record></metadata></record></GetRecord></OAI-PMH>